000 00308nam a22001337a 4500
008 181022b xxu||||| |||| 00| 0 eng d
020 _a9780130669971
041 _aeng
080 _29 ED
_a541
100 _a12
101 _aKIM
245 _aChemistry The Central Science
_cBrown,L
942 _2udc
_cBK
999 _c50390
_d50390